La Walhalla y las glorias de Alemania (Record no. 53595)

MARC details
000 -LEADER
campo de control de longitud fija 00624nam a22001815i 4500
001 - NÚMERO DE CONTROL
campo de control 53595
003 - IDENTIFICADOR DE NÚMERO DE CONTROL
campo de control ES-MaACL
005 - FECHA Y HORA DE LA ÚLTIMA TRANSACCIÓN
campo de control 20230906162809.0
007 - CAMPO FIJO DE DESCRIPCIÓN FÍSICA--INFORMACIÓN GENERAL
campo de control de longitud fija t|
008 - DATOS DE LONGITUD FIJA--INFORMACIÓN GENERAL
campo de control de longitud fija 960628m18741881sp ||||1| spa d
040 ## - FUENTE DE CATALOGACIÓN
Centro catalogador/agencia de origen CAM
Lengua de catalogación spa
Centro/agencia transcriptor CAM
100 1# - ENTRADA PRINCIPAL--NOMBRE DE PERSONA
Nombre de persona Fastenrath, Johann (
Fechas asociadas al nombre 1839-1908)
9 (RLIN) 48926
245 13 - MENCIÓN DEL TÍTULO
Título La Walhalla y las glorias de Alemania
Resto del título : noticias de todos los personajes que alcanzaron honrosa celebridad ... /
Mención de responsabilidad, etc. por Juan Fastenrath.
260 ## - PUBLICACIÓN, DISTRIBUCIÓN, ETC.
Lugar de publicación, distribución, etc. Madrid :
Nombre del editor, distribuidor, etc. [s.n.],
Fecha de publicación, distribución, etc. 1874-1881 (
Fabricante Imp. de Aribau y Cª)
300 ## - DESCRIPCIÓN FÍSICA
Extensión 6 v. ;
Dimensiones 18 cm.
651 #4 - PUNTO DE ACCESO ADICIONAL DE MATERIA--NOMBRE GEOGRÁFICO
Nombre geográfico Alemania-
Subdivisión general Civilización.
9 (RLIN) 137020
852 ## - LOCALIZACIÓN
Ubicación ES-MaACL
Número de control de estantería G-10748-53
Holdings
Estatus retirado Estado de pérdida Estado de daño No para préstamo Colección Biblioteca de origen Biblioteca actual Ubicación en estantería Fecha de adquisición Fuente de adquisición Total de préstamos Signatura topográfica completa Código de barras Visto por última vez Precio de reemplazo Tipo de ítem Koha
        Libros del s. XIX Biblioteca del Ateneo de Madrid Biblioteca del Ateneo de Madrid Sala Pecera Planta 3 17/01/2008     G-10748-53 1056317 23/02/2023 23/02/2023 Libro impreso antiguo